Gorila en Hollywood (Registro nro. 22739)

Detalles MARC
000 -CABECERA
Longitud fija campo de control 00527nam a2200205 4500
003 - IDENTIFICADOR DELl NÚMERO DE CONTROL
Identificador del número de control OSt
005 - FECHA Y HORA DE LA ÚLTIMA TRANSACCIÓN
Fecha y hora de la última transacción 20151008182153.0
008 - CÓDIGOS DE INFORMACIÓN DE LONGITUD FIJA
Códigos de información de longitud fija 800528s1980 sp
020 ## - NÚMERO INTERNACIONAL NORMALIZADO PARA LIBROS
Número Internacional Normalizado para Libros (ISBN) 84-320-7132-3
040 ## - FUENTE DE LA CATALOGACIÓN
Centro transcriptor BMC
082 ## - NÚMERO DE LA CLASIFICACIÓN DECIMAL DEWEY
Númeroo de clasificación 863
100 1# - PUNTO DE ACCESO PRINCIPAL-NOMBRE DE PERSONA
Nombre de persona Suárez, Gonzalo
9 (RLIN) 36520
245 10 - MENCIÓN DE TÍTULO
Título Gorila en Hollywood
Resto del título : relatos
Mención de responsabilidad, etc. Gonzalo Suárez
250 ## - MENCIÓN DE EDICIÓN
Mención de edición 1ª ed
260 ## - PUBLICACIÓN, DISTRIBUCIÓN, ETC. (PIE DE IMPRENTA)
Lugar de publicación, distribución, etc. Barcelona
Nombre del editor, distribuidor, etc. Planeta
Fecha de publicación, distribución, etc. 1980
300 ## - DESCRIPCIÓN FÍSICA
Extensión 210 p.
Dimensiones 21 cm
490 0# - MENCIÓN DE SERIE
Mención de serie Colección Narrativa
Designación de volumen o secuencia 32
650 24 - PUNTO DE ACCESO ADICIONAL DE MATERIA - TÉRMINO DE MATERIA
9 (RLIN) 29289
Término de materia o nombre geográfico como elemento inicial Novela española
942 ## - ENTRADA DE ELEMENTOS AGREGADOS (KOHA)
Fuente de clasificaión o esquema Dewey Decimal Classification
Koha [por defecto] tipo de item 1- Monografias
Existencias
Suprimido Perdido Fuente de clasificación o esquema Estropeado Restricciones de uso No para préstamo Código de colección Localización permanente Localización actual Localización en estanter&íacute;as Fecha adquisición Fuente de adquisición Número de inventario Préstamos totales Signatura completa Código de barras Fecha última consulta Coste, precio reemplazado Fecha del precio de reemplazo Tipo de item de Koha
NULL NULL Dewey Decimal Classification NULL Prestable NULL NULL Biblioteca Miguel de Cervantes - UNICAES Biblioteca Miguel de Cervantes - UNICAES Sala Principal 07/10/2015 Donación - ADESH 030378   N SUA gor 1034229 07/10/2015 16.00 07/10/2015 1- Monografias